000
00359nam a22001097a 4500
040
_c
SY
082
_a
631
100
_a
សួស ចំណាន
245
_a
ការកិន និងកិច្ចប្រតិបត្តិការមុន និងក្រោយពេលប្រមូលផល
260
_a
RUA
_b
សួស
_c
2011
942
_c
KB
999
_c
9314
_d
9314